[Event "Glorney Cup U18"]
[Site "Hull"]
[Date "2024.07.23"]
[Round "2.4"]
[White "Ivan, Austin"]
[Black "Smith, Ellison"]
[Result "1/2-1/2"]
[WhiteElo "1751"]
[BlackElo "1718"]
[PlyCount "33"]
[EventDate "2024.07.23"]
[EventType "team-tourn"]
[EventRounds "5"]
[EventCountry "ENG"]
[SourceTitle "CBM 221 Extra"]
[Source "ChessBase"]
[SourceDate "2024.09.30"]
[SourceVersion "1"]
[SourceVersionDate "2024.09.30"]
[SourceQuality "1"]
[WhiteTeam "England II"]
[BlackTeam "Wales"]
[WhiteTeamCountry "ENG"]
[BlackTeamCountry "WLS"]

1. d4 d5 2. Bf4 Nf6 3. e3 e6 4. Qf3 c5 5. Nc3 a6 6. g4 cxd4 7. exd4 Nc6 8. 0-0-0 b5 9. g5 Ne4 10. Nxe4 dxe4 11. Qxe4 Bb7 12. f3 Rc8 13. h4 Qa5 14. c3 Qxa2 15. Qb1 Qd5 16. Qe4 Qb3 17. Qc2 1/2-1/2

[Event "WLS-chT U1850"]
[Site "Wales"]
[Date "2023.03.12"]
[Round "2.2"]
[White "Smith, Ellison"]
[Black "Thomas, Roy"]
[Result "1-0"]
[WhiteElo "1775"]
[BlackElo "1810"]
[PlyCount "41"]
[EventDate "2023.02.19"]
[EventType "team-tourn"]
[EventRounds "5"]
[EventCountry "WLS"]
[SourceTitle "EXT 2024"]
[Source "ChessBase"]
[SourceDate "2023.10.10"]
[SourceVersion "1"]
[SourceVersionDate "2023.10.10"]
[SourceQuality "1"]
[WhiteTeam "Panthers and Friends"]
[BlackTeam "The Full Ponty II"]
[WhiteTeamCountry "WLS"]
[BlackTeamCountry "WLS"]

1. e4 c5 2. c3 Nf6 3. e5 Nd5 4. d4 cxd4 5. Nf3 Nc6 6. cxd4 g6 7. Bc4 Nb6 8. Bb3 Bg7 9. Bf4 Na5 10. Nc3 Nxb3 11. Qxb3 0-0 12. 0-0 Kh8 13. a4 a5 14. Ng5 e6 15. Nce4 h6 16. Qh3 Kg8 17. Nf6+ Bxf6 18. Qxh6 Bxg5 19. Bxg5 f6 20. Qxg6+ Kh8 21. exf6 1-0

[Event "South Wales Autumn op"]
[Site "Cardiff"]
[Date "2022.10.16"]
[Round "5"]
[White "Smith, Ellison"]
[Black "Sharhorodsky, Yaroslav"]
[Result "1-0"]
[WhiteElo "1420"]
[BlackElo "1571"]
[PlyCount "53"]
[EventDate "2022.10.15"]
[EventType "swiss"]
[EventRounds "5"]
[EventCountry "WLS"]
[SourceTitle "EXT 2024"]
[Source "ChessBase"]
[SourceDate "2023.10.10"]
[SourceVersion "1"]
[SourceVersionDate "2023.10.10"]
[SourceQuality "1"]

1. e4 c6 2. d4 d5 3. e5 Bf5 4. Bd3 Bxd3 5. Qxd3 e6 6. Nf3 Qb6 7. Nbd2 Qa6 8. Qxa6 Nxa6 9. c3 c5 10. 0-0 Ne7 11. Nb3 Nc6 12. Be3 cxd4 13. Nbxd4 Nxd4 14. Bxd4 Nb8 15. Rac1 Nc6 16. Rfd1 Be7 17. c4 dxc4 18. Rxc4 0-0-0 19. Rdc1 Kb8 20. Kf1 Rd5 21. Bc5 Bd8 22. Nd4 Rxc5 23. Rxc5 Bb6 24. Nxc6+ bxc6 25. Rxc6 Rd8 26. Rd6 Rxd6 27. exd6 1-0

[Event "GBR-ch Sub 120 106th"]
[Site "Torquay"]
[Date "2019.08.01"]
[Round "4"]
[White "Smith, Ellison"]
[Black "Morris, Nigel W"]
[Result "1/2-1/2"]
[WhiteElo "1272"]
[BlackElo "1441"]
[PlyCount "38"]
[EventDate "2019.07.29"]
[EventType "swiss"]
[EventRounds "7"]
[EventCountry "ENG"]
[SourceTitle "EXT 2025"]
[Source "ChessBase"]
[SourceDate "2024.10.14"]
[SourceVersion "1"]
[SourceVersionDate "2024.10.14"]
[SourceQuality "1"]

1. e4 c5 2. c3 Qa5 3. Nf3 Nc6 4. Na3 a6 5. Nc4 Qc7 6. d4 b5 7. Ne3 e6 8. Bd3 d6 9. 0-0 Nf6 10. Re1 c4 11. Bc2 e5 12. dxe5 dxe5 13. Nd5 Qd8 14. Bg5 Be7 15. Nxf6+ Bxf6 16. Qxd8+ Bxd8 17. Bxd8 Kxd8 18. Rad1+ Ke7 19. Rd5 Be6 1/2-1/2

[Event "Robinson Cup U14"]
[Site "Dundalk"]
[Date "2019.07.24"]
[Round "5.9"]
[White "Yoon, Jacob D"]
[Black "Smith, Ellison"]
[Result "1-0"]
[WhiteElo "1963"]
[BlackElo "1272"]
[PlyCount "79"]
[EventDate "2019.07.22"]
[EventType "team-tourn"]
[EventRounds "5"]
[EventCountry "IRL"]
[SourceTitle "EXT 2022"]
[Source "ChessBase"]
[SourceDate "2021.10.06"]
[SourceVersion "1"]
[SourceVersionDate "2021.10.06"]
[SourceQuality "1"]
[WhiteTeam "England (U14)"]
[BlackTeam "Wales (U14)"]
[WhiteTeamCountry "ENG"]
[BlackTeamCountry "WLS"]

1. d4 d5 2. Nc3 e6 3. e4 Bb4 4. e5 c5 5. a3 Bxc3+ 6. bxc3 Ne7 7. Bd3 Nbc6 8. Nf3 Qc7 9. 0-0 Bd7 10. Rb1 Rc8 11. Re1 c4 12. Bf1 a6 13. Ng5 h6 14. Nh3 Ng6 15. Qg4 Nce7 16. Kh1 Rb8 17. f4 Qd8 18. Qf3 Nf5 19. g4 Nfh4 20. Qf2 h5 21. f5 exf5 22. gxf5 Bxf5 23. Bg5 Qd7 24. e6 Bxe6 25. Bxh4 Kf8 26. Nf4 Nxf4 27. Qxf4 Re8 28. Bg2 Rh6 29. Re3 f6 30. Rg3 Qf7 31. Rf1 Rg6 32. Qd6+ Kg8 33. Rxg6 Qxg6 34. Re1 Qg4 35. Bxd5 Qxh4 36. Rxe6 Rxe6 37. Qxe6+ Kh7 38. Qe4+ Qxe4+ 39. Bxe4+ Kh6 40. d5 1-0

[Event "Robinson Cup U14"]
[Site "Dundalk"]
[Date "2019.07.23"]
[Round "4.15"]
[White "Smith, Ellison"]
[Black "Collins, Adam"]
[Result "0-1"]
[WhiteElo "1272"]
[BlackElo "1579"]
[PlyCount "48"]
[EventDate "2019.07.22"]
[EventType "team-tourn"]
[EventRounds "5"]
[EventCountry "IRL"]
[SourceTitle "EXT 2022"]
[Source "ChessBase"]
[SourceDate "2021.10.06"]
[SourceVersion "1"]
[SourceVersionDate "2021.10.06"]
[SourceQuality "1"]
[WhiteTeam "Wales (U14)"]
[BlackTeam "Ireland (U14)"]
[WhiteTeamCountry "WLS"]
[BlackTeamCountry "IRL"]

1. e4 c5 2. c3 d5 3. exd5 Qxd5 4. d4 Nf6 5. Nf3 Bg4 6. Be2 e6 7. 0-0 Nc6 8. Be3 cxd4 9. Bxd4 0-0-0 10. Bxf6 gxf6 11. Qxd5 Rxd5 12. Rd1 Rf5 13. h3 Bxf3 14. Bxf3 Ne5 15. Nd2 Rg8 16. Kf1 Bh6 17. Ne4 Kc7 18. Ng3 Rf4 19. Be4 Rxg3 20. Bxh7 f5 21. Rd4 Rg7 22. Rxf4 Bxf4 23. Re1 Nc6 24. g3 Bd6 0-1

[Event "Robinson Cup U14"]
[Site "Dundalk"]
[Date "2019.07.22"]
[Round "2.15"]
[White "Hasseine, Madiane"]
[Black "Smith, Ellison"]
[Result "1-0"]
[WhiteElo "1971"]
[BlackElo "1272"]
[PlyCount "78"]
[EventDate "2019.07.22"]
[EventType "team-tourn"]
[EventRounds "5"]
[EventCountry "IRL"]
[SourceTitle "EXT 2022"]
[Source "ChessBase"]
[SourceDate "2021.10.06"]
[SourceVersion "1"]
[SourceVersionDate "2021.10.06"]
[SourceQuality "1"]
[WhiteTeam "France (U14)"]
[BlackTeam "Wales (U14)"]
[WhiteTeamCountry "FRA"]
[BlackTeamCountry "WLS"]

1. e4 e6 2. d4 d5 3. Nc3 Bb4 4. e5 c5 5. a3 Bxc3+ 6. bxc3 Ne7 7. a4 Qc7 8. Nf3 Nbc6 9. Ba3 cxd4 10. cxd4 Qa5+ 11. Qd2 Qxa4 12. Qc3 Qa5 13. Qxa5 Nxa5 14. Bxe7 Kxe7 15. Rxa5 Bd7 16. Bd3 Rhc8 17. Ke2 a6 18. Rb1 Rc7 19. Rb6 h6 20. Nd2 Rac8 21. Nb3 Bb5 22. Nc5 Bc6 23. Ra3 f6 24. exf6+ gxf6 25. Rab3 a5 26. Nxb7 a4 27. Rb1 a3 28. Nc5 e5 29. c3 Rg8 30. g3 exd4 31. cxd4 Rg4 32. Ke3 Kf7 33. Ra1 Be8 34. Be2 Re7+ 35. Kd3 Rg5 36. f4 Rg8 37. Rxa3 Bd7 38. Nxd7 Rxd7 39. Raa6 Ke8 1-0

[Event "BCF-ch U12"]
[Site "Hull"]
[Date "2018.07.29"]
[Round "1"]
[White "Volovich, Julia"]
[Black "Smith, Ellison"]
[Result "1-0"]
[WhiteElo "1651"]
[BlackElo "1435"]
[PlyCount "61"]
[EventDate "2018.07.29"]
[EventType "swiss"]
[EventRounds "7"]
[EventCountry "ENG"]
[SourceTitle "CBM 186 Extra"]
[Source "ChessBase"]
[SourceDate "2018.08.24"]
[SourceVersion "1"]
[SourceVersionDate "2018.08.24"]
[SourceQuality "1"]

1. d4 d5 2. c4 c6 3. Nf3 e6 4. Nc3 Nf6 5. Bg5 dxc4 6. e4 Be7 7. Bxc4 b5 8. Bd3 a6 9. e5 Nd5 10. Bxe7 Qxe7 11. Ne4 0-0 12. Nd6 Nd7 13. a3 c5 14. dxc5 Nxc5 15. Bxh7+ Kh8 16. Bb1 Nb7 17. Qd3 g6 18. Qd2 Kg7 19. Nxb7 Bxb7 20. 0-0 Rh8 21. Be4 Rad8 22. Qg5 Qc7 23. Rac1 Qb8 24. Nd4 Rh5 25. Nxe6+ Kh7 26. Qxd8 Qxe5 27. h3 Qxe6 28. Bf3 Rh6 29. Rfe1 Qf5 30. Be4 Qh5 31. Rc5 1-0

[Event "WLS-ch Minor 64th"]
[Site "Cardiff"]
[Date "2018.04.01"]
[Round "5"]
[White "Smith, Callum A"]
[Black "Smith, Ellison"]
[Result "0-1"]
[WhiteElo "1316"]
[BlackElo "1379"]
[PlyCount "120"]
[EventDate "2018.03.30"]
[EventType "swiss"]
[EventRounds "7"]
[EventCountry "WLS"]
[SourceTitle "EXT 2021"]
[Source "ChessBase"]
[SourceDate "2020.10.23"]
[SourceVersion "1"]
[SourceVersionDate "2020.10.23"]
[SourceQuality "1"]

1. e4 e6 2. d4 d5 3. exd5 exd5 4. Nf3 Nf6 5. Be3 Nc6 6. c4 Bg4 7. Nbd2 Bb4 8. Be2 dxc4 9. Bxc4 Bxd2+ 10. Qxd2 Bxf3 11. gxf3 0-0 12. Rg1 Re8 13. 0-0-0 Ne7 14. Bb3 Qd6 15. Rg2 Qc6+ 16. Bc2 Qxf3 17. Rdg1 Ng6 18. Bxg6 fxg6 19. Qc2 Re6 20. Qb3 Qd5 21. Qxd5 Nxd5 22. Kd2 Rae8 23. Rg3 Ne7 24. Rc1 Nf5 25. Rf3 c6 26. Rc3 Re4 27. Rb3 Nxd4 28. Bxd4 Rxd4+ 29. Kc3 Rd7 30. h3 Rf8 31. Kc4 Rdf7 32. Rxf7 Rxf7 33. f3 Rd7 34. Ra3 b6 35. b4 Kf7 36. Re3 Rd5 37. Re4 Rf5 38. Rd4 b5+ 39. Kb3 Rxf3+ 40. Kb2 Rxh3 41. Rd7+ Kf6 42. Rxa7 Re3 43. Rc7 Re6 44. Kc3 Rd6 45. Ra7 h5 46. a4 bxa4 47. Rxa4 Ke6 48. Ra1 Rd5 49. Rf1 h4 50. Kc4 g5 51. Rf3 g4 52. Rf4 Rg5 53. Kd4 h3 54. Rf1 h2 55. Ke4 Re5+ 56. Kd4 g3 57. Rh1 g2 58. Rxh2 g1Q+ 59. Kc4 Qxh2 60. Kb3 Re4 0-1